Skład Athleticu Bilbao w La Liga 2024/25 - Statystyki

Ogólne statystyki
  • Ten quiz został rozwiązany 12 razy
  • Średni wynik to 9 z 28
Statystyki odpowiedzi
Numer Zawodnik % Poprawnych
10 Nico Williams
100%
9 Iñaki Williams
88%
1 Unai Simon
75%
7 Alex Berenguer
50%
26 Alex Padilla
50%
12 Gorka Guruzeta
50%
8 Oihan Sancet
50%
32 Adama Boiro
38%
2 Andoni Gorosabel
38%
3 Dani Vivian
38%
16 Inigo Ruiz de Galarreta
38%
13 Julen Agirrezabala
38%
31 Mikel Jauregizar
38%
6 Mikel Vesga
38%
20 Unai Gómez
38%
4 Aitor
25%
24 Benat Prados
25%
15 Inigo Lekue
25%
18 Óscar de Marcos
25%
17 Yuri Berchiche
25%
23 Adu Ares
13%
11 Alvaro Djaló
13%
21 Ander Herrera
13%
22 Nico Serrano
13%
19 Javier Martón
0%
34 Oier Gastesi
0%
27 Unai Egiluz
0%
5 Yeray
0%
Nie znaleziono quizów pasujących do podanych kryteriów
Rozkład punktacji
Procent ludzi z każdym wynikiem
Percentyl według liczby udzielonych odpowiedzi
Twoja historia wyników
Nie rozwiązałeś tego quizu